|
|
|
|
| LEADER |
00000nab a2200000 a 4500 |
| 001 |
vtls009452625 |
| 003 |
SK-MaSNL |
| 005 |
20260304020703.0 |
| 008 |
140328c2008 xo zr|p|||||||000 b|slo |
| 015 |
|
|
|a SNBRB2008/12
|2 snkbucl
|
| 038 |
|
|
|a SNKBUCL
|
| 040 |
|
|
|a SNKBUCL
|b slo
|c SNKBUCL
|e AACR2
|
| 041 |
0 |
|
|a slo
|b eng
|
| 044 |
|
|
|a xo
|c SK
|
| 080 |
|
|
|a 008:061.3
|x (436)
|2 2001
|
| 080 |
|
|
|a 7:061.3
|x (436)
|2 2001
|
| 080 |
|
|
|a 69:061.3
|x (436)
|2 2001
|
| 080 |
|
|
|a 32:061.3
|x (436)
|2 2001
|
| 100 |
1 |
|
|a Bahna, Ján Miloslav,
|d 1944-2024
|4 aut
|9 242903
|
| 245 |
1 |
0 |
|a Európske fórum v Alpbachu
|b o postavenom a zastavanom svete
|c Ján M. Bahna
|
| 500 |
|
|
|a Mimoriadne číslo časopisu ASB
|
| 546 |
|
|
|a Res. angl.
|
| 611 |
2 |
7 |
|a Európske fórum
|n (64. :
|d 2008 :
|c Alpbach, Rakúsko)
|2 snkbucl
|9 1298407
|
| 651 |
|
7 |
|a Alpbach (Rakúsko)
|2 snkbucl
|9 1298408
|
| 773 |
0 |
|
|t ASB špeciál
|g Roč. XV (2008), s. 4-7
|x 1335-1230
|
| 852 |
|
|
|a SNK
|b KIS3GCP
|
| 958 |
|
|
|a AT
|
| 999 |
|
|
|c 2600461
|d 2602391
|